| 000 | 00340nam a22001337a 4500 | ||
|---|---|---|---|
| 008 | 250411b |||||||| |||| 00| 0 eng d | ||
| 020 | _a9789352691494 | ||
| 050 |
_aJF1351 _b.P87 |
||
| 100 | _aPUROHIT Ashok | ||
| 245 | _aComparative Public Administration | ||
| 260 |
_aIndia _bRandom Publication _c2019 |
||
| 300 | _aviii, 283p. | ||
| 942 | _cBK | ||
| 999 |
_c2923 _d2923 |
||